Caracterización fenotípica de poblaciones silvestres de Helianthus annuus naturalizadas en Argentina /

Guardado en:
Otros Autores: Presotto, Alejandro. (Disertante), Cantamutto, Miguel A. (Orientador)
Formato: Manuscrito
Idioma:Spanish
Publicado: 2007.
Materias:
Etiquetas: Agregar Etiqueta
Sin Etiquetas, Sea el primero en etiquetar este registro!
LEADER 00937ntm a22002175a 4500
001 EEA.libagro009366
005 20141022130107.0
008 071004s2007####ag#######bm###000#0#spa#d
082 0 4 |a 040  |2 15 
100 1 |a Presotto, Alejandro.  |4 dis 
245 1 0 |a Caracterización fenotípica de poblaciones silvestres de Helianthus annuus naturalizadas en Argentina /  |c Alejandro Presotto. 
260 |c 2007. 
300 |a ix, 77 h., [3] h. de láms. :  |b il. (principalmente col.) ;  |c 30 cm. 
500 |a Director de tesis: Miguel Cantamutto. 
502 |a Tesis (magíster)--Universidad Nacional del Sur. Departamento de Agronomía, 2007. 
504 |a Incluye referencias bibliográficas (p. 68-77). 
650 7 |a Agronomía.  |2 unbist 
650 7 |a Pastizales.  |2 unbist 
700 1 |a Cantamutto, Miguel A.  |4 ths 
710 2 |a Universidad Nacional del Sur.  |b Departamento de Agronomía.  |4 dgg. 
859 |a AR-BbBCA  |b BIB. AGRONOMIA  |h 040  |i B148 2007-804  |p 118371/007